Le peinture aux XIXème siecle d'ápres les chefs-d'oeuvres des maitres et les meilleurs tableaux des principaux artistes / (Record no. 31438)

MARC details
000 -LEADER
campo de control de longitud fija 00584nam a2200169 i 4500
001 - NÚMERO DE CONTROL
campo de control 31438
003 - IDENTIFICADOR DE NÚMERO DE CONTROL
campo de control ES-MaACL
005 - FECHA Y HORA DE LA ÚLTIMA TRANSACCIÓN
campo de control 20230906154359.0
007 - CAMPO FIJO DE DESCRIPCIÓN FÍSICA--INFORMACIÓN GENERAL
campo de control de longitud fija t|
008 - DATOS DE LONGITUD FIJA--INFORMACIÓN GENERAL
campo de control de longitud fija 030129q19001999fr ||||1| fre d
100 1# - ENTRADA PRINCIPAL--NOMBRE DE PERSONA
Nombre de persona Bénédite, Léonce.
9 (RLIN) 27511
245 13 - MENCIÓN DEL TÍTULO
Título Le peinture aux XIXème siecle d'ápres les chefs-d'oeuvres des maitres et les meilleurs tableaux des principaux artistes /
Mención de responsabilidad, etc. Léonce Bénédite.
260 ## - PUBLICACIÓN, DISTRIBUCIÓN, ETC.
Lugar de publicación, distribución, etc. Paris :
Nombre del editor, distribuidor, etc. Ernest Flammarion,
Fecha de publicación, distribución, etc. [19--?]
300 ## - DESCRIPCIÓN FÍSICA
Extensión XVI, 372 p., 13 lám. :
Otras características físicas il. ;
Dimensiones 28 cm.
650 #4 - PUNTO DE ACCESO ADICIONAL DE MATERIA--TÉRMINO DE MATERIA
Término de materia o nombre geográfico como elemento de entrada Pintura-
Subdivisión cronológica S.XIX.
9 (RLIN) 159872
852 ## - LOCALIZACIÓN
Ubicación ES-MaACL
Número de control de estantería F-12922
Holdings
Estatus retirado Estado de pérdida Estado de daño No para préstamo Colección Biblioteca de origen Biblioteca actual Ubicación en estantería Fecha de adquisición Fuente de adquisición Total de préstamos Signatura topográfica completa Código de barras Visto por última vez Precio de reemplazo Tipo de ítem Koha
        Libros del s. XIX Biblioteca del Ateneo de Madrid Biblioteca del Ateneo de Madrid Sala Pecera Planta 2 17/01/2008     F-12922 1032486 23/02/2023 23/02/2023 Libro impreso antiguo